000 00529cab a2200205 4500
001 X1085
008 090401t1993 xxu||||| |||| 00| 0 eng d
035 _a(Sirsi) u14613
041 _aeng
245 _aProviding an answer to allegations of `down valuation`
260 _c1993
350 _a0
490 _aCS Monthly : General Practice
_v3(2) October 1993, 8(1)
650 _aCOMPARABLES
650 _aMORTGAGE VALUATIONS
650 _aWHITE BOOK
690 _aRATING AND VALUATION
942 _n0
948 _c04/03/1997
999 _c9537
_d9537